000 00413nam a2200157Ia 4500
005 20250317011710.0
008 240331s9999 xx 000 0 und d
020 _a9556101624
082 _bRAT
_a808
100 _aRatnayake,L.S
245 0 _aArachchala aththa
260 _aPittakotte
_bState Printing Cooperation
_c2003
300 _aiv, 45 p .,
500 _astory of a father written by his son.
942 _cL
999 _c5325
_d5325